| 000 | 02736nam a2200589 c 4500 | ||
|---|---|---|---|
| 003 | BLK | ||
| 005 | 20180420215022.0 | ||
| 008 | 180413b bul|||||r ||||||| ||bul|| | ||
| 010 | _aKNG00016839000 | ||
| 020 |
_a954-8517-16-7 _bиздат.: ICON |
||
| 020 |
_a954-8517-25-6 _bиздат.: ICON - на том(т. 6) |
||
| 040 | _aBLK | ||
| 041 |
_aBUL _cBUL |
||
| 080 |
_aОбщи енциклопедии. Енциклопедични речници. Научни справочници. Отраслови енциклопедии и справочници се класират в съответните отдели с определител за форма _b03 _x _z03 |
||
| 080 |
_aИзкуство. Художествени занаяти. Фотография. Музика. Развлечения. Игри. Спорт _b7 _x(031) _z7(031) |
||
| 700 | 1 |
_aИлиев, Николай _eпрев. от фр. на том _9259882 |
|
| 139 |
_a[Ларус] Larousse - Фамилна енциклопедия _bЛ 25 |
||
| 245 | 1 | 0 |
_a[Ларус] Larousse - Фамилна енциклопедия _bВ 11 т. _cпрев. от фр. на том Николай Илиев. _nТ. 6 _pЖивопис, архитектура, скулптура |
| 257 | _aFRA | ||
| 260 |
_аСофия _bICON _c1999 - _fСофия : Д. Благоев |
||
| 300 | _c24 см | ||
| 380 | _a0 | ||
| 500 | _aБез сведение за ориг. загл. | ||
| 650 | 4 |
_aЖивопис _9155358 |
|
| 650 | 4 |
_aСкулптура _9171073 |
|
| 650 | 4 |
_aАрхитектура _9147603 |
|
| 650 | 4 |
_aЕнциклопедии _9154961 |
|
| 650 | 4 |
_aИзкуство - енциклопедии _9244738 |
|
| 653 | _aизкуство | ||
| 653 | _aживопис | ||
| 653 | _aархитектура | ||
| 653 | _aскулптура | ||
| 653 | _aенциклопедии | ||
| 653 | _aпраисторическа живопис | ||
| 653 | _aантично изкуство | ||
| 653 | _aазиатско изкуство | ||
| 653 | _aпредколумбово изкуство | ||
| 653 | _aафриканско изкуство | ||
| 653 | _aeвропейско изкуство | ||
| 653 | _aсредновековно изкуство | ||
| 653 | _aроманска архитектура | ||
| 653 | _aизкуство на Двуречието | ||
| 653 | _aготическо изкуство | ||
| 653 | _aРенесанс | ||
| 653 | _aХVІІІ-ХХ в. | ||
| 760 | 1 |
_3- на том(т. 6) _dICON, 2001 _h240 с. : с цв. ил. _tТ. 6 Живопис, архитектура, скулптура |
|
| 852 | _aЦБ 202571 | ||
| 856 | 4 |
_qpdf _u |
|
| 856 | 4 |
_qpdf _u |
|
| 942 |
_cKNG _n0 |
||
| 944 |
_aCR _c24.01.2003 _kИрена_Линкова |
||
| 944 |
_aED _c17.01.2012 _k |
||
| 999 |
_c15091 _d15091 |
||